000 00434nam a2200169Ia 4500
003 GCL
008 140319s9999 xx 000 0 eng d
040 _aGCL /
_cGCL
082 0 4 _ap
_b305
_bad
100 1 _aDOSSIER DU CEDEJ
245 1 0 _aSOCIETES?ISLAMIQUES?PLACEMENT?DE?FONDS /
_cDOSSIER DU CEDEJ
260 _a[S.N] :
_bDOSSIERS DU CEDEJ
300 _a142
650 0 4 _aISLAM - POLITICS
650 0 4 _aSOCIETES
942 _2ddc
_cCR
999 _c25791
_d25791